Statistiques concernant Pays de l'Afrique subsaharienne

Cliquez ici pour prendre le quiz!

Statistiques générales

  • Ce quiz a été pris 116 fois
  • Le résultat moyen est 36 sur 44

Réponses sur la Carte

Les réponses sont colorées sur une échelle allant du rouge au vert en fonction du pourcentage des utilisateurs qui les ont devinées à leur premier essai. Vous pouvez retrouver ces pourcentages ci-dessous.
 

Statistiques - réponses

Réponse% Correct
République Démocratique du Congo
97%
Afrique du sud
96%
République du Congo
95%
Sénégal
95%
Madagascar
92%
Mali
92%
Niger
90%
Soudan
90%
Éthiopie
86%
Guinée
86%
Nigeria
86%
Angola
85%
Guinée-Bissau
84%
Kenya
84%
Mauritanie
84%
Bénin
82%
Cameroun
82%
Côte d'Ivoire
82%
Somalie
82%
Érythrée
81%
Soudan du Sud
81%
Tanzanie
81%
Tchad
81%
Togo
81%
Zimbabwe
81%
Ghana
79%
Guinée équatoriale
79%
Rwanda
79%
Djibouti
78%
Mozambique
78%
République Centrafricaine
78%
Zambie
78%
Burkina Faso
77%
Botswana
75%
Lesotho
75%
Gabon
74%
Namibie
74%
Ouganda
74%
Burundi
73%
Gambie
73%
Malawi
73%
Sierra Leone
73%
Liberia
71%
Eswatini
70%

Distribution des résultats

Percentile par nombre de réponses

% des personnes avec chaque résultat

Votre développement - résultats

Vous n’avez pas pris ce quiz